Kamus bahasa Melayu

Bibliographic Details
Main Author: Adli Hj.Yacob
Other Authors: Khuzaihan Zakaria
Format: Book
Published: Kuala Lumpur : Crescent News , 2008
Subjects:

MARC

LEADER 00000cam a2200000 7i4500
001 0000022929
005 20080813.0
008 080813
020 |a 9830618067 
090 0 0 |a 499.283   |b ADL 
100 0 |a Adli Hj.Yacob 
245 1 0 |a Kamus bahasa Melayu   |c Dr.Adli Hj.Yacob ; Khuzaihan Zakaria 
260 |a Kuala Lumpur :   |b Crescent News ,   |c 2008 
650 0 |a Malay language   |x Dictionaries 
700 1 |a Khuzaihan Zakaria 
999 |a 0001021225   |b Book   |c REFERENCE   |e Perbadanan Perpustakaan Awam Johor 
999 |a 0001021226   |b Book   |c REFERENCE   |e Perbadanan Perpustakaan Awam Johor 
999 |a 0001021228   |b Book   |c REFERENCE   |e Perbadanan Perpustakaan Awam Johor